LEADER 01149nam0 22002651i 450 001 UON00320118 005 20231205104136.796 100 $a20090204d1957 |0itac50 ba 101 $aita 102 $aIT 105 $a|||| 1|||| 200 1 $aMilano e Mosca nella politica del rinascimento$eStoria delle relazioni diplomatiche tra la Russia e il Ducato di Milano nell'epoca sforzesca$fGino Barbieri 210 $aBari$cAdriatica Editrice$d1957 215 $a95 p.$d22 cm. 606 $aItalia$xRelazioni diplomatiche$xRussia$xRinascimento$3UONC070627$2FI 606 $aRUSSIA$x Relazioni diplomatiche$xItalia$xRinascimento$3UONC070626$2FI 620 $aIT$dBari$3UONL000072 700 1$aBARBIERI$bGino$3UONV118977$0122880 712 $aAdriatica Editrice$3UONV267082$4650 801 $aIT$bSOL$c20250808$gRICA 899 $aSIBA - SISTEMA BIBLIOTECARIO DI ATENEO$2UONSI 912 $aUON00320118 950 $aSIBA - SISTEMA BIBLIOTECARIO DI ATENEO$dSI NAPOLITANO 1903 $eSI MR 70858 5 1903 996 $aMilano e Mosca nella politica del rinascimento$91372833 997 $aUNIOR